Horse Racing Tracks - England - Statistics

General Stats
  • This quiz has been taken 387 times
    327 since last reset
  • The average score is 28 of 52
Answer Stats
Answer % Correct
Ascot
93%
Aintree
92%
Cheltenham
85%
Newcastle
81%
Epsom
75%
Newmarket
75%
York
75%
Doncaster
73%
Wolverhampton
69%
Brighton
67%
Carlisle
65%
Kempton
63%
Newbury
63%
Chester
62%
Lingfield
62%
Leicester
60%
Uttoxeter
59%
Exeter
58%
Sandown
56%
Bath
55%
Chelmsford
55%
Worcester
54%
Haydock
53%
Nottingham
53%
Redcar
52%
Warwick
51%
Windsor
50%
Goodwood
49%
Southwell
49%
Ripon
48%
Wetherby
48%
Newton Abbot
47%
Catterick
46%
Fakenham
45%
Hereford
45%
Wincanton
45%
Huntingdon
44%
Taunton
44%
Market Rasen
43%
Thirsk
42%
Beverley
41%
Fontwell
41%
Great Yarmouth
40%
Sedgefield
40%
Plumpton
37%
Hexham
36%
Cartmel
35%
Towcester
35%
Ludlow
33%
Pontefract
33%
Salisbury
32%
Stratford
28%
No matching quizzes found
Score Distribution
Percent of People with Each Score
Percentile by Number Answered
Your Score History
You have not taken this quiz since the last reset